000 01055nam a22002897a 4500
003 DO-SdBNP
005 20250204073952.0
007 ta
008 091202t2013 dr a 000 e spa d
040 _aDO-SdBNP
_bspa
_cBNPHU
082 4 _aRD864.44
_bB583p, 2013
_222
100 1 _aBichara, Rubén,
_d1960-
_931618
245 1 0 _aPáginas revueltas /
_cRubén Bichara ; prólogo Mariano Lebrón Saviñón ; editor Rafael Grullón ; ilustraciones Maya Oviedo
250 _a3ª ed.
260 _aSanto Domingo :
_bCentenario,
_c2013.
300 _a148 p. :
_bilustraciones ;
_c24 cm.
500 _aIncluye datos biográficos del autor en las solapas.
590 _aInventariado, 2023/BT
650 0 _aEnsayos dominicanos
_965
650 4 _aAutores en literatura
_xEnsayos, conferencias, etc.
_931619
650 0 _aLiteratura dominicana.
_967
700 1 _aLebrón Saviñon, Mariano
_d1922-2014
_eprólogo
_97227
700 1 _aOviedo, Maya,
_eilustraciones
_983114
700 1 _aGrullón, Rafael,
_eeditor
_931620
910 _aBtavárez
942 _2ddc
_cLBS1
999 _c53144
_d53144